000 00729nam a2200217Ia 4500
003 GCL
005 20240530104956.0
008 140319s9999 xx 000 0 ara d
040 _aGCL /
_cGCL
082 0 4 _a301.32
_bا ت
110 _aالامم المتحدة
245 1 0 _aتقرير المؤتمر الدولى للسكان والتنمية : القاهرة 5 - 13 ايلول / سبتمبر 1994 /
_cالامم المتحدة
300 _a166 ص ؛
_c24 سم
650 0 4 _aالسكان
650 0 4 _aالسكان - علم
650 0 4 _aالانفجار السكانى
650 0 4 _aتنظيم الاسرة
650 0 4 _aتعداد السكان
650 0 4 _aالاحصائيات الحيوية
942 _2ddc
_cBK
999 _c52211
_d52211